• 首页
  • 本馆介绍
  • 公告通知
  • 最新文献
  • 馆藏检索
  • 电子资源
  • 读者导购
  • 参考咨询
  • 我的图书馆
  • 登录
  • 详细信息显示
  • 放入我的书架
  • 预约/预借图书
  • 作者相关作品
  • 分类相关作品
  • 丛书相关作品
  • 出版社相关作品

书目信息

  • 表格格式
  • 工作单格式
  • 卡片格式
题名:
天水三江
    
 
作者: 陶宝祥 主编 ;陶宝祥 , 董锁成 著
分册:  
出版信息: 北京   人民邮电出版社  2019
页数: 207页
开本: 24cm
丛书名: 自然科学考察丛书
单 册:
中图分类: K928.42-53 , K928.42
科图分类:
主题词:
电子资源:
ISBN: 978-7-115-51280-2
000 00883oam2 2200277 450
001 2255250569
005 20220930152112.96
010    @a978-7-115-51280-2@dCNY59.00
100    @a20200408d2019 em y0chiy50 ea
101 0  @achi
102    @aCN@b110000
105    @aa z 000yy
200 1  @a天水三江@9tian shui san jiang@e三江源自然保护区诞生记@f陶宝祥主编@g陶宝祥, 董锁成著
210    @a北京@c人民邮电出版社@d2019
215    @a207页@c图@d24cm
225 2  @a自然科学考察丛书
461  0 @12001 @a自然科学考察丛书
517 1  @a三江源自然保护区诞生记@9san jiang yuan zi ran bao hu qu dan sheng ji
607    @a长江流域@x科学考察@j文集
690    @aK928.42-53@v5
690    @aK928.42@v4
701  0 @a陶宝祥@9tao bao xiang@4主编
702  0 @a陶宝祥@9tao bao xiang@4著
702  0 @a董锁成@9dong suo cheng@4著
801  0 @aCN@b91MARC@c20200408
905    @aZUCC@dK928.42@e8
    
    天水三江:三江源自然保护区诞生记/陶宝祥主编/陶宝祥, 董锁成著.-北京:人民邮电出版社,2019
    207页:图;24cm.-(自然科学考察丛书)
    
    
    ISBN 978-7-115-51280-2:CNY59.00
    
●
相关链接 在五车中查询图书 在当当中查询图书 在豆瓣中查询图书


正题名:天水三江     索取号:K928.42/8         预约/预借

序号 登录号 条形码 馆藏地/架位号 状态 备注
1 2000908861   2000908861   第三书库/ [索取号:K928.42/8] 在馆    
2 2000908862   2000908862   第三书库/ [索取号:K928.42/8] 在馆    
3 2000908863   2000908863   第三书库/ [索取号:K928.42/8] 在馆    
山东省滨州职业学院图书馆 欢迎您!
大连网信软件有限公司© 版权所有